Find the Black & White Things (Blitz) Quiz Stats

 Plays Quiz Updated Jun 12, 2018

Challenge
Share
Tweet
Score 0/21 Timer 01:00
9 Plays Today
% Correct
Giant Panda
95.5%
Penguin
95.4%
Football
95.4%
Domino
95.4%
Referee Shirt
95.4%
Zebra
95.3%
Crossword
95.2%
Magic 8 Ball
95.1%
Dalmatian
95%
Snoopy
94.9%
Chessboard
94.8%
% Correct
Chequered Flag
94.7%
Barcode
94.7%
Playboy
Logo
94.6%
Dice
94.5%
Piano Keys
94%
Newspaper
94%
Yin Yang
93.7%
Pepé LePew
92.8%
Clapperboard
91.5%
Jolly Roger
88.7%

You're not logged in!

Compare scores with friends on all Sporcle quizzes.
Join for Free
OR
Log In

You Might Also Like...

Show Comments

Extras

Top Quizzes Today


Score Distribution

Your Account Isn't Verified!

In order to create a playlist on Sporcle, you need to verify the email address you used during registration. Go to your Sporcle Settings to finish the process.

Report this User

Report this user for behavior that violates our Community Guidelines.

Details: